Applied digital control : (Record no. 17753)

MARC details
000 -LEADER
fixed length control field 00784pam a2200253 a 4500
001 - CONTROL NUMBER
control field 1086346
005 - DATE AND TIME OF LATEST TRANSACTION
control field 20131111142750.0
008 - FIXED-LENGTH DATA ELEMENTS--GENERAL INFORMATION
fixed length control field 920210s1992 nyua rb 001 0 eng
010 ## - LIBRARY OF CONGRESS CONTROL NUMBER
LC control number 92005195
020 ## - INTERNATIONAL STANDARD BOOK NUMBER
International Standard Book Number 0486450511
020 ## - INTERNATIONAL STANDARD BOOK NUMBER
International Standard Book Number 9780486450513
040 ## - CATALOGING SOURCE
Original cataloging agency DLC
Transcribing agency DLC
Modifying agency DLC
050 00 - LIBRARY OF CONGRESS CALL NUMBER
Classification number TJ223.M53
Item number L45 1992
082 00 - DEWEY DECIMAL CLASSIFICATION NUMBER
Classification number 629.895
Edition number 22
Item number LEI
100 1# - MAIN ENTRY--PERSONAL NAME
Personal name Leigh, J. R.
Fuller form of name (James R.)
9 (RLIN) 34444
245 10 - TITLE STATEMENT
Title Applied digital control :
Remainder of title theory, design, and implementation /
Statement of responsibility, etc J.R. Leigh.
250 ## - EDITION STATEMENT
Edition statement 2nd ed.
260 ## - PUBLICATION, DISTRIBUTION, ETC. (IMPRINT)
Place of publication, distribution, etc New York :
Name of publisher, distributor, etc Prentice Hall,
Date of publication, distribution, etc 1992.
300 ## - PHYSICAL DESCRIPTION
Extent xix, 524 p. :
Other physical details ill. ;
Dimensions 24 cm.
504 ## - BIBLIOGRAPHY, ETC. NOTE
Bibliography, etc Includes bibliographical references (p. 503-519) and index.
650 #0 - SUBJECT ADDED ENTRY--TOPICAL TERM
Topical term or geographic name as entry element Digital control systems.
9 (RLIN) 19120
653 ## - INDEX TERM--UNCONTROLLED
Resource For college
Arrived date list November2013
942 ## - ADDED ENTRY ELEMENTS (KOHA)
Source of classification or shelving scheme Dewey Decimal Classification
Item type Book - Borrowing
Holdings
Withdrawn status Item status Source of classification or shelving scheme Damaged status Not for loan Vendor Home library Current library Shelving location Date acquired Source of acquisition Total Checkouts Full call number Barcode Date last seen Koha item type
    Dewey Decimal Classification     Baccah Central Library Central Library First floor 11/11/2013     629.895 LEI 000029633 15/07/2025 Book - Borrowing
    Dewey Decimal Classification     Baccah Central Library Central Library First floor 11/11/2013     629.895 LEI 000029634 15/07/2025 Book - Borrowing